Agrometeorológia

Bibliographic Details
Main Author: Špánik, František, 1933- (Author)
Format: Book
Language:Slovak
Published: Bratislava Príroda 1980
Edition:2. vyd.
Subjects:

MARC

LEADER 00000cam a2200000 a 4500
001 vtls001101076
003 SK-MaSNL
005 20260301001249.0
008 250313s1980 xo ab e n 000 0 slo
015 |a SNBA1980 
020 |q (brož.) 
035 |a SNK000043918 
035 |a urn:nbn:sk:snk-aml87h 
035 |a urn:nbn:sk:snk-am008sud 
035 |a 14487C29-9578-439F-875A-4D162340932E 
040 |a SNK  |b slo  |c SNK  |e AACR2 
041 0 |a slo 
044 |a xo  |c SK 
080 |a 551.5:63(075.8)  |2 1981 
080 |a 63(075.8)  |2 1981 
080 |a 631.4/.5(075.8)  |2 1981 
100 1 |a Špánik, František,  |d 1933-  |4 aut  |9 205517 
245 1 0 |a Agrometeorológia  |c František Špánik 
250 |a 2. vyd. 
260 |a Bratislava  |b Príroda  |c 1980 
300 |a 168 s.  |b grafy, mp., sch., tab.  |c 29 cm 
366 |e 500 výt. 
500 |a Vyd. pre VŠP v Nitre 
504 |a Bibliogr. odkazy 
650 0 7 |a poľnohospodárstvo  |2 SNKPH  |9 679 
650 0 7 |a meteorológia  |2 SNKPH  |9 873 
655 7 |a učebnice vysokých škôl  |2 SNKPH  |9 70191 
852 |a Slovenská národná knižnica 
958 |a OND 
958 |a NB 
999 |c 534521  |d 536451 
952 |t P60, <04>, [BOOK], {604}  |a SNK  |b SNK  |y VYP  |7 0  |p 17A0360781  |o snkSB 30308 D1  |i snkKSP 6359/80  |0 0  |1 0  |4 0  |d 2002-10-23  |l 0  |r 2004-12-31 00:00:00  |w 2026-02-23 
952 |a SNK  |b SNK  |y PREZ  |7 0  |p 17A0998358  |o snkSB 30308  |i snkKSP 6358/80  |0 0  |1 0  |4 0  |d 2012-07-30  |f 1  |l 0  |r 2025-04-03 00:00:00  |w 2026-02-23